Futurológii sa snažím vyhýbať

Bibliographic Details
Main Authors: Uličianska, Zuzana, 1962- (Author, Interviewer), Leško, Marián, 1954- (Author)
Format: Article
Language:Slovak
Subjects:

MARC

LEADER 00000nab a2200000 ar4500
001 vtls009475601
003 SK-MaSNL
005 20260304233002.0
008 090220c20081227xo dr|p|||||||000 b|slo
015 |a SNBRB2009/02  |2 snkbucl 
040 |a SNKBUCL  |b slo  |c SNKBUCL  |e AACR2 
041 0 |a slo 
044 |a xo  |c SK 
080 |a 070-051  |2 2001 
080 |a 929 Leško, Marián  |2 2001 
100 1 |a Uličianska, Zuzana,  |d 1962-  |4 ivr  |4 aut  |9 103260 
245 1 0 |a Futurológii sa snažím vyhýbať  |c Zuzana Uličianska, Marián Leško 
300 |b Fotogr. 
600 1 7 |a Leško, Marián,  |d 1954-  |2 snkbucl  |9 263778 
650 0 7 |a slovenskí novinári  |2 snkbucl  |9 393185 
655 7 |a rozhovory  |2 snkbucl  |9 31831 
700 1 |a Leško, Marián,  |d 1954-  |4 ive  |4 aut  |9 263778 
773 0 |t Sme  |g Roč. 16, č. 297 (27.12.2008)  |x 1335-440X 
773 0 8 |i Príl.:  |t Víkend  |g S. [21] a 23 
852 |a SNK  |b KIS3GCP 
958 |a SK 
958 |a BX 
999 |c 3196607  |d 3198537